LEADER 03017oam 2200637I 450 001 9910783818903321 005 20230617004938.0 010 $a1-134-44061-8 010 $a1-134-44062-6 010 $a1-138-97487-0 010 $a0-203-46489-3 010 $a1-280-02456-9 024 7 $a10.4324/9780203464892 035 $a(CKB)1000000000254731 035 $a(EBL)181889 035 $a(OCoLC)437084708 035 $a(SSID)ssj0000297157 035 $a(PQKBManifestationID)11246259 035 $a(PQKBTitleCode)TC0000297157 035 $a(PQKBWorkID)10334449 035 $a(PQKB)11043663 035 $a(MiAaPQ)EBC181889 035 $a(Au-PeEL)EBL181889 035 $a(CaPaEBR)ebr10101182 035 $a(CaONFJC)MIL2456 035 $a(OCoLC)54662778 035 $a(EXLCZ)991000000000254731 100 $a20180331d2003 uy 0 101 0 $aeng 135 $aur|n|---||||| 181 $ctxt 182 $cc 183 $acr 200 04$aThe future of physical education $ebuilding a new pedagogy /$fedited by Anthony Laker ; foreword by George Sage 210 1$aLondon ;$aNew York :$cRoutledge,$d2003. 215 $a1 online resource (191 p.) 225 1 $aRoutledge research in education ;$v6 300 $aDescription based upon print version of record. 311 $a0-203-47606-9 311 $a0-415-28892-4 320 $aIncludes bibliographical references and index. 327 $aBook Cover; Title; Copyright; Contents; 1 Physical education and educational sport a philosophical justification; 2 Sport in culture; 3 Citizenship sport and physical education; 4 Social responsibility through physical activity; 5 Reflective practice goes public reflection governmentality and postmodernity; 6 The pedagogy of motor skill learning teachers and students; 7 Sport education; 8 Physical education in the digital postmodern era; 9 The future of physical education is this the new pedagogy; Index 330 $aAnthony Laker leads an outstanding international team of educational theorists in critically examining the theoretical underpinnings of physical education, and in challenging the rhetoric, the practices and the pedagogies that prevail in our schools. There has been a great deal of discussion surrounding the value of this subject in schools, particularly around the form that physical education should take. The domination of physical education teaching by the scientific / technical discourses is problemized and it is suggested that this domination limits the potential of the subject to be cultur 410 0$aRoutledge research in education ;$v6. 606 $aPhysical education and training 606 $aSchool sports 615 0$aPhysical education and training. 615 0$aSchool sports. 676 $a613.7/07 701 $aLaker$b Anthony$f1951-$0967237 801 0$bFlBoTFG 801 1$bFlBoTFG 906 $aBOOK 912 $a9910783818903321 996 $aThe future of physical education$93742177 997 $aUNINA LEADER 01281nam0 22003251i 450 001 UON00229549 005 20231205103454.674 100 $a20030730d1973 |0itac50 ba 101 $aita 102 $aIT 105 $a|||| ||||| 200 1 $aˆIl ‰ mestiere di padre$fBernard Muldworf$gintrod. di Alberto Alberti 205 $aRoma : Editori Riuniti$b1973 210 $a178 p.$a19 cm 215 $aTit. orig.: Le métier de père, 1972 410 1$1001UON00176772$12001 $aPaideia$1210 $aRoma$cEditori Riuniti.$v26 500 1$3UON00371539$aˆLe ‰ métier de pére, 1972$931335 606 $aPATERNITA'$3UONC050177$2FI 606 $aPADRE$3UONC050178$2FI 620 $aIT$dRoma$3UONL000004 676 $a306.8742$cCultura e istituzioni. Relazioni padre-figlio$v20 700 1$aMULDWORF$bBernard$3UONV139183$0526205 702 1$aALBERTI$bAlberto$3UONV139134 712 $aEditori Riuniti$3UONV246707$4650 801 $aIT$bSOL$c20240220$gRICA 899 $aSIBA - SISTEMA BIBLIOTECARIO DI ATENEO$2UONSI 912 $aUON00229549 950 $aSIBA - SISTEMA BIBLIOTECARIO DI ATENEO$dSI FS 00849 $eSI LO 1256 7 996 $aMétier de pére, 1972$931335 997 $aUNIOR